[Event "Bunratty Masters 2016"]
[Site "Bunratty IRL"]
[Date "2016.02.21"]
[Round "5.2"]
[White "Jones, Gawain"]
[Black "Collins, Sam"]
[Result "1/2-1/2"]
[WhiteTitle "GM"]
[BlackTitle "IM"]
[WhiteElo "2629"]
[BlackElo "2442"]
[BlackICU "2416"]
[BlackClub "Gonzaga"]
[WhiteNationality "ENG"]
[BlackNationality "IRL"]
[WhiteFideId "409561"]
[BlackFideId "2501198"]
[PlyCount "95"]
[EventDate "2016.02.19"]
[Source "TWIC 1112"]

{ Source: TWIC 1112. } { Reference: <a
href="http://www.irlchess.com/bunratty2016_allfiles/pairings_bunratty2016.html">Tournament
report</a>. }

1. c4 Nf6 2. g3 e6 3. Bg2 d5 4. Nf3 Be7 5. O-O O-O 6. b3 c5 7. e3 Nc6 8.
Bb2 b6 9. Nc3 Bb7 10. cxd5 Nxd5 11. Nxd5 exd5 12. d4 a5 13. dxc5 bxc5 14.
Ne5 Nxe5 15. Bxe5 Ra6 16. Qc2 Qa8 17. Rfd1 a4 18. Qf5 axb3 19. axb3 Rxa1
20. Rxa1 Qd8 21. Rd1 Qb6 22. Bxd5 Bxd5 23. Rxd5 Qxb3 24. Rd7 g6 25. Qg4 h5
26. Qd1 Qxd1+ 27. Rxd1 Rd8 28. Ra1 f6 29. Bc3 Kf7 30. Kf1 Ke6 31. Ke2 f5
32. Ra4 Rd5 33. h3 Rd7 34. g4 hxg4 35. hxg4 Rd6 36. Ra5 Rd5 37. f4 fxg4 38.
Ra6+ Kf7 39. e4 Rd6 40. Ra1 c4 41. Ra7 g3 42. Bb4 Re6 43. Kf3 g2 44. Kxg2
Rxe4 45. Kf3 Re6 46. Rc7 Ke8 47. Rxc4 Bxb4 48. Rxb4 1/2-1/2

[Event "Bunratty Masters 2016"]
[Site "Bunratty IRL"]
[Date "2016.02.21"]
[Round "5.3"]
[White "Heidenfeld, Mark"]
[Black "Korneev, Oleg"]
[Result "0-1"]
[WhiteTitle "IM"]
[BlackTitle "GM"]
[WhiteElo "2370"]
[BlackElo "2581"]
[WhiteICU "2350"]
[WhiteClub "Kilkenny"]
[WhiteNationality "IRL"]
[BlackNationality "ESP"]
[WhiteFideId "2500990"]
[BlackFideId "4156803"]
[PlyCount "42"]
[EventDate "2016.02.19"]
[Source "TWIC 1112"]

{ Source: TWIC 1112. } { Reference: <a
href="http://www.irlchess.com/bunratty2016_allfiles/pairings_bunratty2016.html">Tournament
report</a>. }

1. e4 c5 2. Nf3 e6 3. c4 Nc6 4. Nc3 Nd4 5. d3 Ne7 6. Nxd4 cxd4 7. Ne2 Nc6
8. Ng3 h5 9. f4 h4 10. Ne2 d5 11. Ng1 dxe4 12. dxe4 e5 13. Nf3 h3 14. fxe5
Nxe5 15. Nxe5 Qa5+ 16. Bd2 Qxe5 17. Qf3 hxg2 18. Bxg2 Be6 19. Bf4 Qa5+ 20.
Kf2 g5 21. Bg3 d3 0-1

[Event "Bunratty Masters 2016"]
[Site "Bunratty IRL"]
[Date "2016.02.21"]
[Round "5.4"]
[White "Hebden, Mark"]
[Black "Villegas, Pierre"]
[Result "1-0"]
[WhiteTitle "GM"]
[BlackTitle "FM"]
[WhiteElo "2467"]
[BlackElo "2354"]
[WhiteNationality "ENG"]
[BlackNationality "MNC"]
[WhiteFideId "400084"]
[BlackFideId "654183"]
[PlyCount "55"]
[EventDate "2016.02.19"]
[Source "TWIC 1112"]

{ Source: TWIC 1112. } { Reference: <a
href="http://www.irlchess.com/bunratty2016_allfiles/pairings_bunratty2016.html">Tournament
report</a>. }

1. d4 d5 2. Nf3 Nf6 3. c4 e6 4. Bg5 dxc4 5. Qa4+ Nbd7 6. e4 h6 7. Bxf6 Qxf6
8. Bxc4 c6 9. e5 Qg6 10. Qb3 Qxg2 11. Rg1 Qh3 12. Rg3 Qh5 13. Nc3 Nb6 14.
Bd3 Bd7 15. Ne4 O-O-O 16. O-O-O Nd5 17. Kb1 f5 18. exf6 Nxf6 19. Ne5 Nxe4
20. Bxe4 Bd6 21. f4 g5 22. Rh3 Qe8 23. fxg5 Bxe5 24. dxe5 hxg5 25. Rhd3
Rxh2 26. Qa3 Re2 27. Bxc6 Qg6 28. Ka1 1-0

[Event "Bunratty Masters 2016"]
[Site "Bunratty IRL"]
[Date "2016.02.21"]
[Round "5.5"]
[White "Baburin, Alexander"]
[Black "Bates, Richard A."]
[Result "1/2-1/2"]
[WhiteTitle "GM"]
[BlackTitle "IM"]
[WhiteElo "2490"]
[BlackElo "2332"]
[WhiteICU "2429"]
[WhiteClub "Kilkenny"]
[WhiteNationality "IRL"]
[BlackNationality "ENG"]
[WhiteFideId "2500914"]
[BlackFideId "403555"]
[PlyCount "71"]
[EventDate "2016.02.19"]
[Source "TWIC 1112"]

{ Source: TWIC 1112. } { Reference: <a
href="http://www.irlchess.com/bunratty2016_allfiles/pairings_bunratty2016.html">Tournament
report</a>. }

1. d4 Nf6 2. c4 e6 3. Nf3 Bb4+ 4. Bd2 a5 5. g3 d6 6. Bg2 Nbd7 7. O-O e5 8.
e3 Bxd2 9. Qxd2 O-O 10. Nc3 Re8 11. Rad1 h6 12. Qc2 exd4 13. Nxd4 Nc5 14.
b3 c6 15. a3 Qb6 16. Rb1 Bg4 17. b4 axb4 18. axb4 Ne6 19. Nxe6 Bxe6 20. c5
dxc5 21. Na4 Qb5 22. Nxc5 Bd5 23. Rfd1 Ra2 24. Rb2 Qxb4 25. Rxa2 Bxa2 26.
Nxb7 Bd5 27. Nc5 Ne4 28. Nxe4 Bxe4 29. Bxe4 Qxe4 30. Qxe4 Rxe4 31. Rd8+ Kh7
32. Rc8 Rc4 33. Rc7 Kg6 34. Kg2 Kf6 35. h4 h5 36. Kf3 1/2-1/2

[Event "Bunratty Masters 2016"]
[Site "Bunratty IRL"]
[Date "2016.02.21"]
[Round "5.6"]
[White "Le Ruyet, Leopold"]
[Black "Short, Philip"]
[Result "1/2-1/2"]
[BlackTitle "FM"]
[WhiteElo "2240"]
[BlackElo "2298"]
[WhiteNationality "FRA"]
[BlackNationality "IRL"]
[WhiteFideId "645923"]
[BlackFideId "2500086"]
[PlyCount "66"]
[EventDate "2016.02.19"]
[Source "TWIC 1112"]
[WhiteFullName "Le Ruyet, L&eacute;opold"]

{ Source: TWIC 1112. } { Reference: <a
href="http://www.irlchess.com/bunratty2016_allfiles/pairings_bunratty2016.html">Tournament
report</a>. }

1. e4 e6 2. d4 d5 3. Nc3 Nf6 4. Bg5 dxe4 5. Nxe4 Be7 6. Bxf6 Bxf6 7. Nf3
O-O 8. c3 Nd7 9. Qc2 Be7 10. Bd3 h6 11. O-O-O c5 12. h4 Qc7 13. Neg5 Rd8
14. Kb1 cxd4 15. Bh7+ Kf8 16. Bg6 d3 17. Rxd3 hxg5 18. hxg5 fxg6 19. Rxd7
Qf4 20. Nh4 Qxg5 21. Nxg6+ Kf7 22. Rxe7+ Kf6 23. Rh3 Rd1+ 24. Qxd1 Qxg6+
25. Ka1 Kxe7 26. Rh8 Kf7 27. Qd8 Qxg2 28. Rf8+ Kg6 29. Qe8+ Kg5 30. Qe7+
Kh6 31. Rh8+ Kg6 32. Qe8+ Kf6 33. Qf8+ Kg6 1/2-1/2

[Event "Bunratty Masters 2016"]
[Site "Bunratty IRL"]
[Date "2016.02.21"]
[Round "5.7"]
[White "Wells, Peter K."]
[Black "O'Donnell, Conor"]
[Result "1/2-1/2"]
[WhiteTitle "GM"]
[BlackTitle "FM"]
[WhiteElo "2427"]
[BlackElo "2303"]
[BlackICU "2284"]
[BlackClub "Gonzaga"]
[WhiteNationality "ENG"]
[BlackNationality "IRL"]
[WhiteFideId "400327"]
[BlackFideId "2504243"]
[PlyCount "82"]
[EventDate "2016.02.19"]
[Source "TWIC 1112"]

{ Source: TWIC 1112. } { Reference: <a
href="http://www.irlchess.com/bunratty2016_allfiles/pairings_bunratty2016.html">Tournament
report</a>. }

1. d4 d5 2. c4 e6 3. Nf3 Nf6 4. g3 Bb4+ 5. Bd2 Be7 6. Bg2 c6 7. O-O Nbd7 8.
Qc2 O-O 9. Rd1 b6 10. b3 Bb7 11. Nc3 Rc8 12. e4 dxe4 13. Nxe4 c5 14. Nxf6+
Nxf6 15. Bc3 Be4 16. Qe2 Qc7 17. dxc5 Qxc5 18. Bxf6 Bxf3 19. Bxe7 Bxe2 20.
Bxc5 Rxc5 21. Rd7 a6 22. f3 g5 23. Rd2 Bxc4 24. bxc4 Rxc4 25. a4 Rb4 26.
Bf1 b5 27. axb5 axb5 28. Ra7 Rb3 29. Kf2 Rc8 30. Be2 Rc5 31. Rd8+ Kg7 32.
Rdd7 Rf5 33. Bd3 Rb2+ 34. Ke3 Rf6 35. Ra5 Rxh2 36. Rxb5 Kh6 37. Rd8 Rh3 38.
Rg8 Rxg3 39. Be4 Rf4 40. Kf2 Rh3 41. Rbxg5 f5 1/2-1/2

[Event "Bunratty Masters 2016"]
[Site "Bunratty IRL"]
[Date "2016.02.21"]
[Round "5.8"]
[White "Walton, Alan J."]
[Black "Costachi, Mihnea"]
[Result "1/2-1/2"]
[WhiteTitle "CM"]
[BlackTitle "FM"]
[WhiteElo "2216"]
[BlackElo "2409"]
[WhiteNationality "ENG"]
[BlackNationality "ROU"]
[WhiteFideId "409898"]
[BlackFideId "1217518"]
[PlyCount "105"]
[EventDate "2016.02.19"]
[Source "TWIC 1112"]

{ Source: TWIC 1112. } { Reference: <a
href="http://www.irlchess.com/bunratty2016_allfiles/pairings_bunratty2016.html">Tournament
report</a>. }

1. d4 Nf6 2. Bg5 Ne4 3. Bf4 c5 4. f3 Nf6 5. d5 Nh5 6. Be3 e5 7. Nc3 d6 8.
Qd2 Be7 9. O-O-O f5 10. g3 O-O 11. f4 e4 12. Bg2 a6 13. g4 fxg4 14. Nxe4
Nd7 15. h3 g3 16. Bf3 Ndf6 17. Nxc5 g2 18. Rh2 dxc5 19. d6 Re8 20. Bxh5
Nxh5 21. Qd5+ Kh8 22. Qxh5 Bf6 23. Bxc5 Be6 24. d7 Bxd7 25. Rxg2 Qa5 26.
Nf3 Qxa2 27. Ne5 Be6 28. Bd4 Red8 29. e3 Rac8 30. Ng6+ Kg8 31. Ne7+ Bxe7
32. Rxg7+ Kf8 33. Rxe7 Qa1+ 34. Kd2 Rxd4+ 35. exd4 Qxb2 36. Rxe6 Qc3+ 37.
Ke2 Qc4+ 38. Kf2 Qxe6 39. Qxh7 Qf6 40. Qe4 Qh4+ 41. Kg2 Rc7 42. Qf5+ Kg8
43. Kh1 Rg7 44. Rg1 Rxg1+ 45. Kxg1 Qg3+ 46. Kf1 Qf3+ 47. Ke1 Qe3+ 48. Kd1
Qxd4+ 49. Ke2 Qc4+ 50. Kf2 Qd4+ 51. Kg2 Qd2+ 52. Kg3 Qc3+ 53. Kf2 1/2-1/2

[Event "Bunratty Masters 2016"]
[Site "Bunratty IRL"]
[Date "2016.02.21"]
[Round "5.9"]
[White "Rendle, Thomas E."]
[Black "Rawlinson, Aidan M."]
[Result "1-0"]
[WhiteTitle "IM"]
[WhiteElo "2366"]
[BlackElo "2208"]
[WhiteNationality "ENG"]
[BlackNationality "ENG"]
[WhiteFideId "408760"]
[BlackFideId "413496"]
[PlyCount "87"]
[EventDate "2016.02.19"]
[Source "TWIC 1112"]

{ Source: TWIC 1112. } { Reference: <a
href="http://www.irlchess.com/bunratty2016_allfiles/pairings_bunratty2016.html">Tournament
report</a>. }

1. e4 g6 2. d4 Bg7 3. Nc3 d6 4. Be3 a6 5. Qd2 b5 6. h4 Nf6 7. f3 h5 8.
O-O-O Bb7 9. Nh3 Nfd7 10. Ng5 Nb6 11. f4 b4 12. Ne2 Nc4 13. Qxb4 Nxe3 14.
Qxb7 Nxd1 15. Qxa8 Nf2 16. Rg1 O-O 17. f5 gxf5 18. exf5 c6 19. Qb7 Qa5 20.
Nc3 Bxd4 21. Qxe7 Bxc3 22. bxc3 Qxc3 23. Nf3 Qa1+ 24. Kd2 Qd1+ 25. Ke3 Ng4+
26. Kf4 Qc1+ 27. Kg3 Qh6 28. Bd3 Nf6 29. Re1 Nbd7 30. Qe3 Qg7+ 31. Qg5 Nc5
32. Re7 Re8 33. Qxg7+ Kxg7 34. Rc7 Nxd3 35. cxd3 c5 36. Ng5 Nd5 37. Rxf7+
Kg8 38. f6 Re3+ 39. Kh2 Nxf6 40. Rxf6 Rxd3 41. Rf3 Rd2 42. Ne4 Rd1 43. Nf6+
Kh8 44. Rg3 1-0

[Event "Bunratty Masters 2016"]
[Site "Bunratty IRL"]
[Date "2016.02.21"]
[Round "5.10"]
[White "Van der Zwet, Bart"]
[Black "Pein, Malcolm"]
[Result "1/2-1/2"]
[BlackTitle "IM"]
[WhiteElo "2100"]
[BlackElo "2357"]
[WhiteNationality "NED"]
[BlackNationality "ENG"]
[WhiteFideId "1004204"]
[BlackFideId "400289"]
[PlyCount "93"]
[EventDate "2016.02.19"]
[Source "TWIC 1112"]
[WhiteFullName "van der Zwet, Bart"]

{ Source: TWIC 1112. } { Reference: <a
href="http://www.irlchess.com/bunratty2016_allfiles/pairings_bunratty2016.html">Tournament
report</a>. }

1. Nf3 Nf6 2. g3 g6 3. Bg2 Bg7 4. O-O O-O 5. c4 d6 6. d4 c6 7. Nc3 Qa5 8.
Re1 Be6 9. Qd3 Qa6 10. b3 d5 11. Ne5 Rd8 12. c5 Qxd3 13. exd3 Nbd7 14. f4
Ne8 15. Bb2 Nc7 16. Rac1 Bf5 17. Bf1 Re8 18. h3 f6 19. Nf3 Be6 20. Nd1 Bf7
21. Kf2 h6 22. Rc2 g5 23. f5 e6 24. Ne3 a5 25. a3 a4 26. b4 Kf8 27. g4 Nb5
28. fxe6 Bxe6 29. Nf5 Bxf5 30. gxf5 Rxe1 31. Nxe1 Re8 32. Be2 Re7 33. Bh5
Nc7 34. Bd1 Re8 35. Ng2 Ra8 36. Re2 h5 37. Re1 h4 38. Bh5 Rb8 39. Bd1 Ra8
40. Ne3 Ra6 41. Bh5 b5 42. Ng4 Ra8 43. Kf3 Rd8 44. Bc1 Nb8 45. Ne3 Rd7 46.
Nc2 Re7 47. Rxe7 1/2-1/2

[Event "Bunratty Masters 2016"]
[Site "Bunratty IRL"]
[Date "2016.02.21"]
[Round "5.11"]
[White "Fehr, Jukka"]
[Black "Schockenbaeumer, Dirk"]
[Result "1/2-1/2"]
[WhiteElo "1965"]
[BlackElo "2155"]
[WhiteNationality "FIN"]
[BlackNationality "GER"]
[WhiteFideId "4674693"]
[BlackFideId "4629574"]
[PlyCount "20"]
[EventDate "2016.02.19"]
[Source "TWIC 1112"]
[BlackFullName "Schockenb&auml;umer, Dirk"]

{ Source: TWIC 1112. } { Reference: <a
href="http://www.irlchess.com/bunratty2016_allfiles/pairings_bunratty2016.html">Tournament
report</a>. }

1. c4 Nf6 2. Nc3 c5 3. Nf3 Nc6 4. d4 cxd4 5. Nxd4 g6 6. g3 Bg7 7. Bg2 O-O
8. O-O Nxd4 9. Qxd4 d6 10. Qh4 Qc7 1/2-1/2

[Event "Bunratty Masters 2016"]
[Site "Bunratty IRL"]
[Date "2016.02.21"]
[Round "5.12"]
[White "Cabanas Jimenez, Manuel"]
[Black "O'Gorman, Tom"]
[Result "1/2-1/2"]
[WhiteElo "2070"]
[BlackElo "2067"]
[BlackICU "2133"]
[BlackClub "Dun Laoghaire"]
[WhiteNationality "ESP"]
[BlackNationality "IRL"]
[WhiteFideId "2268647"]
[BlackFideId "2508249"]
[PlyCount "108"]
[EventDate "2016.02.19"]
[Source "TWIC 1112"]
[WhiteFullName "Caba&ntilde;as Jimenez, Manuel"]

{ Source: TWIC 1112. } { Reference: <a
href="http://www.irlchess.com/bunratty2016_allfiles/pairings_bunratty2016.html">Tournament
report</a>. }

1. e4 e6 2. d4 d5 3. Nc3 Bb4 4. Bd2 dxe4 5. Qg4 Nf6 6. Qxg7 Rg8 7. Qh6 Qxd4
8. O-O-O Bf8 9. Qh4 Rg4 10. Qh3 Qxf2 11. Be2 Rh4 12. Be1 Rxh3 13. Bxf2 Rh6
14. Bg3 c6 15. Nh3 Nbd7 16. Ng5 Nc5 17. Rd4 Bg7 18. Bd6 Rg6 19. h4 Nfd7 20.
Rc4 Bxc3 21. Rxc3 b6 22. Rf1 f6 23. b4 fxg5 24. bxc5 g4 25. Re3 Nf6 26.
Rxe4 bxc5 27. Ref4 Nd7 28. Bxg4 Ba6 29. Bh5 Bxf1 30. Bxg6+ hxg6 31. Rxf1
O-O-O 32. Rf7 Rh8 33. g3 Rh5 34. Rg7 Rd5 35. Bf4 e5 36. Bg5 Rd6 37. g4 Rd4
38. Rxg6 Rxg4 39. Rxc6+ Kb7 40. Rg6 Rg2 41. Re6 c4 42. Kb2 Nc5 43. Re7+ Ka6
44. Be3 Na4+ 45. Ka3 Nb6 46. Bxb6 axb6 47. Rxe5 Rxc2 48. Kb4 Rxa2 49. Kxc4
Ra4+ 50. Kb3 Rxh4 51. Re3 b5 52. Re8 Rh3+ 53. Kb4 Rh1 54. Re6+ Kb7 1/2-1/2

[Event "Bunratty Masters 2016"]
[Site "Bunratty IRL"]
[Date "2016.02.21"]
[Round "5.13"]
[White "Moran, Stephen"]
[Black "Quinn, Rory"]
[Result "0-1"]
[WhiteElo "2132"]
[BlackElo "2080"]
[WhiteICU "2108"]
[BlackICU "2032"]
[WhiteClub "T.C.D."]
[BlackClub "Ennis"]
[WhiteNationality "IRL"]
[BlackNationality "IRL"]
[WhiteFideId "2501872"]
[BlackFideId "2501643"]
[PlyCount "66"]
[EventDate "2016.02.19"]
[Source "TWIC 1112"]

{ Source: TWIC 1112. } { Reference: <a
href="http://www.irlchess.com/bunratty2016_allfiles/pairings_bunratty2016.html">Tournament
report</a>. }

1. d4 Nc6 2. d5 Ne5 3. e4 e6 4. f4 Ng6 5. dxe6 fxe6 6. Nf3 d5 7. e5 Nh6 8.
Bd3 Nf5 9. Qe2 Be7 10. Nc3 O-O 11. Bd2 Bd7 12. g3 c5 13. O-O-O a6 14. Rdg1
b5 15. h4 b4 16. Nb1 c4 17. Bxf5 exf5 18. h5 Nh8 19. Nd4 Bc5 20. Be3 Qb6
21. Rd1 Nf7 22. Qf2 Rac8 23. Rhe1 Nh6 24. Qf3 Rfd8 25. Qxd5+ Kh8 26. Qf3
Ng4 27. Bg1 Bc6 28. Nxc6 Rxd1+ 29. Qxd1 Bxg1 30. Rxg1 Qe3+ 31. Nd2 c3 32.
Nxb4 cxd2+ 33. Kb1 Nf2 0-1

[Event "Bunratty Masters 2016"]
[Site "Bunratty IRL"]
[Date "2016.02.21"]
[Round "5.15"]
[White "Houston, David"]
[Black "Moynihan, Kieran"]
[Result "1/2-1/2"]
[WhiteElo "2235"]
[BlackElo "2138"]
[BlackICU "2058"]
[WhiteUCU "2091"]
[WhiteClub "Ballynafeigh"]
[BlackClub "C.C.Y.M.S."]
[WhiteNationality "IRL"]
[BlackNationality "IRL"]
[WhiteFideId "2505355"]
[BlackFideId "2500663"]
[PlyCount "50"]
[EventDate "2016.02.19"]
[Source "TWIC 1112"]

{ Source: TWIC 1112. } { Reference: <a
href="http://www.irlchess.com/bunratty2016_allfiles/pairings_bunratty2016.html">Tournament
report</a>. }

1. e4 e5 2. Nf3 Nc6 3. d4 exd4 4. Nxd4 Nf6 5. Nxc6 bxc6 6. Nc3 Bb4 7. Bd3
d5 8. exd5 cxd5 9. O-O O-O 10. Bg5 c6 11. Qf3 Bd6 12. h3 Rb8 13. Bxf6 Qxf6
14. Qxf6 gxf6 15. Nd1 Re8 16. b3 Bf4 17. Ne3 Be5 18. Rad1 Bc3 19. a4 Rb4
20. Nf5 Re5 21. g4 Bd7 22. Ng3 Rb6 23. Kg2 a5 24. f3 Rb8 25. Rf2 Rbe8
1/2-1/2

[Event "Bunratty Masters 2016"]
[Site "Bunratty IRL"]
[Date "2016.02.21"]
[Round "5.16"]
[White "Skulte, Christopher"]
[Black "Larisch, Rolf"]
[Result "1-0"]
[WhiteElo "2011"]
[BlackElo "2155"]
[WhiteNationality "AUS"]
[BlackNationality "GER"]
[WhiteFideId "3214044"]
[BlackFideId "12976350"]
[PlyCount "65"]
[EventDate "2016.02.19"]
[Source "TWIC 1112"]

{ Source: TWIC 1112. } { Reference: <a
href="http://www.irlchess.com/bunratty2016_allfiles/pairings_bunratty2016.html">Tournament
report</a>. }

1. e4 e6 2. d4 d5 3. Nd2 Nc6 4. Ngf3 Nf6 5. e5 Nd7 6. Be2 f6 7. exf6 Qxf6
8. Nf1 Bd6 9. Ne3 O-O 10. O-O Ne7 11. c4 Kh8 12. Ng4 Qg6 13. Ng5 Nf5 14.
Nh3 b6 15. Ne5 Nxe5 16. dxe5 Bxe5 17. Bh5 Qf6 18. Bg5 Bxh2+ 19. Kxh2 Qxb2
20. cxd5 h6 21. Bf4 e5 22. Qd2 Qb5 23. Bxe5 Bb7 24. Bf3 Rae8 25. Nf4 Kg8
26. Bxc7 Nh4 27. Bh5 Rc8 28. Be5 Rf5 29. Rfe1 Rg5 30. g3 Rxh5 31. gxh4
Rxh4+ 32. Kg3 g5 33. Ng6 1-0

[Event "Bunratty Masters 2016"]
[Site "Bunratty IRL"]
[Date "2016.02.21"]
[Round "5.18"]
[White "Wolferink, Frans"]
[Black "Li, Henry"]
[Result "1-0"]
[WhiteElo "2092"]
[BlackElo "1929"]
[BlackICU "2016"]
[BlackClub "Gonzaga"]
[WhiteNationality "NED"]
[BlackNationality "IRL"]
[WhiteFideId "1003917"]
[BlackFideId "2508524"]
[PlyCount "71"]
[EventDate "2016.02.19"]
[Source "TWIC 1112"]

{ Source: TWIC 1112. } { Reference: <a
href="http://www.irlchess.com/bunratty2016_allfiles/pairings_bunratty2016.html">Tournament
report</a>. }

1. e4 e5 2. Nf3 Nc6 3. d4 exd4 4. Bc4 Nf6 5. e5 d5 6. Bb5 Ne4 7. Nxd4 Bc5
8. O-O Bd7 9. Bxc6 bxc6 10. f3 Ng5 11. Be3 Qe7 12. f4 Ne4 13. Nd2 Nxd2 14.
Qxd2 O-O 15. Nb3 Bb6 16. Qc3 f6 17. Bc5 fxe5 18. fxe5 Rfe8 19. Rae1 Be6 20.
a4 d4 21. Bxd4 Bxb3 22. Qxb3+ Qe6 23. Qxe6+ Rxe6 24. Bxb6 axb6 25. Rf4 Rae8
26. Rfe4 h5 27. b4 Kf7 28. h3 h4 29. Rxh4 Rxe5 30. Rxe5 Rxe5 31. Rc4 Re6
32. a5 Ke7 33. a6 Kd7 34. Rf4 g5 35. a7 Re8 36. Rd4+ 1-0

[Event "Bunratty Masters 2016"]
[Site "Bunratty IRL"]
[Date "2016.02.21"]
[Round "5.19"]
[White "Cafolla, Peter"]
[Black "Gelip, Ioana"]
[Result "0-1"]
[WhiteElo "1990"]
[BlackElo "2132"]
[WhiteICU "1984"]
[WhiteClub "Curragh"]
[WhiteNationality "IRL"]
[BlackNationality "ROU"]
[WhiteFideId "2500884"]
[BlackFideId "1202260"]
[PlyCount "82"]
[EventDate "2016.02.19"]
[Source "TWIC 1112"]

{ Source: TWIC 1112. } { Reference: <a
href="http://www.irlchess.com/bunratty2016_allfiles/pairings_bunratty2016.html">Tournament
report</a>. }

1. e4 e6 2. d4 d5 3. e5 c5 4. c3 Bd7 5. Nf3 Nc6 6. a3 cxd4 7. cxd4 b5 8.
Be2 Nge7 9. O-O Nf5 10. b4 Qb6 11. Bb2 a5 12. g4 Nh6 13. bxa5 Nxa5 14. Nfd2
Be7 15. Nb3 Nc4 16. Bc1 Ng8 17. Qd3 f6 18. exf6 Nxf6 19. Bd1 O-O 20. Bc2
Be8 21. Qe2 b4 22. Nc5 e5 23. Bd3 Bb5 24. g5 Ne8 25. a4 Bxc5 26. dxc5 Qxc5
27. Nd2 Nxd2 28. Bxd2 Bxd3 29. Qxd3 Nd6 30. Qb3 Rf5 31. Rac1 Nc4 32. Be3
Qe7 33. Rxc4 dxc4 34. Qxc4+ Kh8 35. Ra1 Raf8 36. a5 Rf3 37. Qe4 b3 38. Rb1
Qe6 39. Qb4 Qf5 40. Rxb3 Rxe3 41. Rxe3 Qxf2+ 0-1

[Event "Bunratty Masters 2016"]
[Site "Bunratty IRL"]
[Date "2016.02.21"]
[Round "5.20"]
[White "Byrne, Alex"]
[Black "Salsac, Eric"]
[Result "1-0"]
[WhiteElo "1861"]
[BlackElo "1972"]
[WhiteICU "1929"]
[BlackICU "1861"]
[WhiteClub "St. Benildus"]
[WhiteNationality "IRL"]
[BlackNationality "IRL"]
[WhiteFideId "2508788"]
[BlackFideId "15600211"]
[PlyCount "43"]
[EventDate "2016.02.19"]
[Source "TWIC 1112"]

{ Source: TWIC 1112. } { Reference: <a
href="http://www.irlchess.com/bunratty2016_allfiles/pairings_bunratty2016.html">Tournament
report</a>. }

1. e4 c5 2. c3 d5 3. exd5 Qxd5 4. d4 Nf6 5. Nf3 e6 6. Be3 Nc6 7. Na3 cxd4
8. Nb5 Qd8 9. Nbxd4 Nxd4 10. Bxd4 Be7 11. Bd3 O-O 12. Qc2 h6 13. h4 Ng4 14.
O-O-O Qa5 15. Rde1 Rd8 16. Re4 f5 17. Rxg4 Rxd4 18. Rxd4 e5 19. Bc4+ Kf8
20. Rd5 Qc7 21. Bb3 e4 22. Nd4 1-0

[Event "Bunratty Masters 2016"]
[Site "Bunratty IRL"]
[Date "2016.02.21"]
[Round "5.21"]
[White "McMorrow, John"]
[Black "Spirek, Adam"]
[Result "0-1"]
[WhiteElo "1971"]
[BlackElo "2076"]
[WhiteICU "1829"]
[BlackICU "1958"]
[WhiteClub "Gonzaga"]
[BlackClub "Cavan"]
[WhiteNationality "IRL"]
[BlackNationality "CZE"]
[WhiteFideId "2501481"]
[BlackFideId "310832"]
[PlyCount "66"]
[EventDate "2016.02.19"]
[Source "TWIC 1112"]
[BlackFullName "&Scaron;p&iacute;rek, Adam"]

{ Source: TWIC 1112. } { Reference: <a
href="http://www.irlchess.com/bunratty2016_allfiles/pairings_bunratty2016.html">Tournament
report</a>. }

1. e4 d5 2. exd5 Nf6 3. Nc3 Nxd5 4. Nxd5 Qxd5 5. Nf3 Bg4 6. Be2 Nc6 7. O-O
O-O-O 8. d3 e5 9. Ne1 Bxe2 10. Qxe2 Nd4 11. Qe4 Qxe4 12. dxe4 Ne2+ 13. Kh1
Rd1 14. g3 Rxc1 15. Rxc1 Nxc1 16. Nf3 Nxa2 17. c3 f6 18. Ra1 Nxc3 19. bxc3
Bc5 20. Kg2 Rd8 21. Rc1 b5 22. Rc2 a5 23. g4 a4 24. g5 a3 25. gxf6 gxf6 26.
Nd2 Kb7 27. Ra2 Kb6 28. Nb1 Ra8 29. Kf3 b4 30. cxb4 Bxb4 31. Kg4 Kb5 32.
Kf5 Ra6 33. h4 c5 0-1